| 000 | 00428nam a2200169Ia 4500 | ||
|---|---|---|---|
| 008 | 240729s9999 xx 000 0 und d | ||
| 022 | _a2574-2167 | ||
| 245 | 0 | _aOTA International | |
| 260 | _aUnited States | ||
| 260 | _bWolters Kluwer | ||
| 650 | _a Orthopedic surgery | ||
| 650 | _a Surgery | ||
| 650 | _aMedicine | ||
| 856 | _uhttps://doaj.org/toc/d6607247fec84c26b5141fb366a6863c | ||
| 942 | _2ddc | ||
| 942 | _cDOAJEJ | ||
| 999 |
_c65987 _d65987 |
||
| 945 |
_a1 _bMadushi Gamage _c1 _dMadushi Gamage |
||